Entry Personal Name
001 - CONTROL NUMBER
- control field: 2766
003 - CONTROL NUMBER IDENTIFIER
- control field: AM-YEHGA
005 - DATE AND TIME OF LATEST TRANSACTION
- control field: 20250617070438.0
008 - FIXED-LENGTH DATA ELEMENTS
- fixed length control field: 060321 a|ac|n|aab||||||||||||a |n|||||||
040 ## - CATALOGING SOURCE
- Original cataloging agency: AM-YEHGA
100 1# - HEADING--PERSONAL NAME
- Personal name: Պարտիզունի, Վաչե Զոհրաբի,
- Dates associated with a name: 1915-1997
400 1# - SEE FROM TRACING--PERSONAL NAME
- Personal name: Պարտիզունի, Վաչե,
- Dates associated with a name: 1915-1997
400 1# - SEE FROM TRACING--PERSONAL NAME
- Personal name: Պարտիզունի, Վ.Զ.
- Fuller form of name: (Վաչե Զոհրաբի),
- Dates associated with a name: 1915-1997
400 1# - SEE FROM TRACING--PERSONAL NAME
- Personal name: Պարտիզունի, Վ.
- Fuller form of name: (Վաչե),
- Dates associated with a name: 1915-1997
400 1# - SEE FROM TRACING--PERSONAL NAME
- Control subfield: a
- Personal name: Թադևոսյան, Վաչե Զոհրաբի,
- Dates associated with a name: 1915-1997
400 1# - SEE FROM TRACING--PERSONAL NAME
- Control subfield: b
- Personal name: Պարտիզպանյան, Վաչե Զոհրաբի,
- Dates associated with a name: 1915-1997
400 1# - SEE FROM TRACING--PERSONAL NAME
- Control subfield: b
- Personal name: Տաթևյան, Վ.
- Dates associated with a name: 1915-1997
400 1# - SEE FROM TRACING--PERSONAL NAME
- Personal name: Партизуни, Ваче Зограбович,
- Dates associated with a name: 1915-1997
400 1# - SEE FROM TRACING--PERSONAL NAME
- Personal name: Партизуни, Ваче,
- Dates associated with a name: 1915-1997
400 1# - SEE FROM TRACING--PERSONAL NAME
- Personal name: Партизуни, В.
- Fuller form of name: (Ваче),
- Dates associated with a name: 1915-1997
400 1# - SEE FROM TRACING--PERSONAL NAME
- Personal name: Partizuni, Vache Zohrabi,
- Dates associated with a name: 1915-1997
670 ## - SOURCE DATA FOUND
- Source citation: Խաչատրյան Հ.Հ. Գրական տեղեկատու, 1986 :
- Information found: (Պարտիզունի Վաչե (Թադևոսյան Վաչե Զոհրաբի), գրականագետ, բանաս. գիտ. դ-ր, պրոֆ. (1957), ՀՍՍՀ գիտ. վաստ. գործիչ (1965), ՍՍՀՄ գրող. միութ. անդամ 1947-ից); bIն.տ. (... իրեն անվ. է Պարտիզպանյան, մի քանի ամսից՝ Պարտիզունի)
670 ## - SOURCE DATA FOUND
- Source citation: Հովակիմյան Բ.Մ. Հայոց ծածկանունների բառարան, 2005 :
- Information found: էջ 607 (Թադևոսյան Վաչե Զոհրաբի (1915-1997)); bIն.տ. (Ծածկ. Պարտիզունի, Վաչե; Տաթևյան, Վ.; Թ.Վ.)
670 ## - SOURCE DATA FOUND
- Source citation: Ավ. Իսահակյանը և Վ. Տերյանը, 1975 :
- Information found: տիտղթ. (Վ. Պարտիզունի)
670 ## - SOURCE DATA FOUND
- Source citation: Շիրվանզադեի ստեղծագործությունը :(Հոդվածների ժողովածու), 1959 :
- Information found: տիտղթ. (Խմբ. կոլ.՝ Վ.Զ. Պարտիզունի և այլն)
670 ## - SOURCE DATA FOUND
- Source citation: Поэты Армении за мир, 1952 :
- Information found: т.л. (Под ред. Г.Борьяна, И.Заряна, В. Партизуни)
ՀՀ Գիտությունների ազգային ակադեմիայի հիմնարար գիտական գրադարան = Fundamental Scientific Library of NAS RA
All site content, except where otherwise noted, is licensed under a